SÜPER EKONOMİ (Record no. 817614)

MARC details
000 -LEADER
sabit uzunluktaki kontrol alanı 00242nam a2200097Ia 4500
001 - KONTROL NUMARASI
kontrol alanı 817614
005 - EN SON İŞLEMİN TARİH VE ZAMANI
kontrol alanı 20250826171738.0
008 - SABİT-UZUNLUKTA VERİ ÖĞELERİ--GENEL BİLGİ
sabit uzunluktaki kontrol alanı 250824s9999 xx 000 0 und d
245 #0 - ESER / YAZAR
ESER ADI SÜPER EKONOMİ
Yazar Adı ASENA MERİÇ
260 ## - YAYIN, DAĞITIM, VB.
YAYIN EVİ YEDİVEREN YAYINLARI
Holdings
Düşüm durumu Kayıp durumu Hasar Durumu Ödünç verilmez Ana kütüphane Geçerli Kütüphane Edinilen tarih Toplam ödünç verme sayısı Barkod Son görüntüleme tarihi Fiyatın geçerli olmaya başladığı tarih Koha materyal türü
        AHMET KARACİĞAN ORTAOKULU AHMET KARACİĞAN ORTAOKULU 24.08.2025   10402212 26.08.2025 26.08.2025 Books